'T' Entertainment Images Quiz Stats

 Plays Quiz Updated Apr 20, 2018

Challenge
Share
Tweet
Score 0/25 Timer 04:00
28 Plays Today
% Correct
Titanic
97.4%
Tinkerbell
97.4%
Tigger
96.5%
Twister
94.8%
Tetris
91.8%
Teenage Mutant Ninja Turtles
91%
Twilight
90.5%
Justin Timberlake
89.1%
Thumper
86.2%
Taken
80.5%
That '70s Show
79.4%
Tangled
78.8%
The Three Stooges
78.5%
% Correct
Tina Turner
78.3%
Timon
77.3%
Trivial Pursuit
75%
Tweedledee and Tweedledum
73.1%
Tomb Raider
67.8%
Taxi
59.7%
Troy
56.8%
Shania Twain
51.7%
James Taylor
43.7%
Rob Thomas
28.5%
True Blood
27.5%
Ticket to Ride
11.6%

You're not logged in!

Compare scores with friends on all Sporcle quizzes.
Join for Free
OR
Log In

You Might Also Like...

Show Comments

Extras

Top Quizzes Today


Score Distribution

Your Account Isn't Verified!

In order to create a playlist on Sporcle, you need to verify the email address you used during registration. Go to your Sporcle Settings to finish the process.

Report this User

Report this user for behavior that violates our Community Guidelines.

Details: